Research Methodology (Record no. 4903)

MARC details
000 -LEADER
fixed length control field 00308nam a2200133Ia 4500
008 - FIXED-LENGTH DATA ELEMENTS--GENERAL INFORMATION
fixed length control field 191201s2010 xx 000 0 und d
082 ## - DEWEY DECIMAL CLASSIFICATION NUMBER
Classification number 658.007
Item number MUR
100 ## - MAIN ENTRY--PERSONAL NAME
Personal name MUSTAFA,A
245 #0 - TITLE STATEMENT
Title Research Methodology
260 ## - PUBLICATION, DISTRIBUTION, ETC. (IMPRINT)
Place of publication, distribution, etc N. delhi
Name of publisher, distributor, etc AITBS Pub.
Date of publication, distribution, etc 2010
300 ## - PHYSICAL DESCRIPTION
Extent 251
650 ## - SUBJECT ADDED ENTRY--TOPICAL TERM
Topical term or geographic name as entry element BBA
942 ## - ADDED ENTRY ELEMENTS (KOHA)
Source of classification or shelving scheme Dewey Decimal Classification
Koha item type Text Books
942 ## - ADDED ENTRY ELEMENTS (KOHA)
-- 1
Holdings
Withdrawn status Lost status Source of classification or shelving scheme Damaged status Not for loan Collection code Home library Current library Date acquired Source of acquisition Cost, normal purchase price Bill Number Total Checkouts Full call number Acc. no. / Barcode Date last seen Bill Date Koha item type Checked out Date last borrowed Public note
    Dewey Decimal Classification     BBA PIET C-LIBRARY PIET C-LIBRARY 29/07/2011 The book company 225.00 IN-858   658.007 MUR 17768 04/12/2019 27/07/2011 Text Books      
    Dewey Decimal Classification     BBA PIET C-LIBRARY PIET C-LIBRARY 29/07/2011 The book company 225.00 IN-858 1 658.007 MUR 17769 22/01/2022 27/07/2011 Text Books 21/07/2022 22/01/2022 .
    Dewey Decimal Classification     BBA PIET C-LIBRARY PIET C-LIBRARY 29/07/2011 The book company 225.00 IN-858 2 658.007 MUR 17770 18/02/2026 27/07/2011 Text Books   13/02/2026  
    Dewey Decimal Classification     BBA PIET C-LIBRARY PIET C-LIBRARY 29/07/2011 The book company 225.00 IN-858 1 658.007 MUR 17771 24/05/2023 27/07/2011 Text Books   08/05/2023  
    Dewey Decimal Classification     BBA PIET C-LIBRARY PIET C-LIBRARY 29/07/2011 The book company 225.00 IN-858   658.007 MUR 17772 04/12/2019 27/07/2011 Text Books      
    Dewey Decimal Classification     BBA PIET C-LIBRARY PIET C-LIBRARY 29/07/2011 The book company 225.00 IN-858 2 658.007 MUR 17773 01/01/2026 27/07/2011 Text Books   07/10/2025  
    Dewey Decimal Classification     BBA PIET C-LIBRARY PIET C-LIBRARY 29/07/2011 The book company 225.00 IN-858 1 658.007 MUR 17774 15/06/2023 27/07/2011 Text Books   08/05/2023  

Design & Developed by: PIET Central Library
R70 Miles Stone Pattikalyana Samalkha Panipat 132102
mail ID :- [email protected], Phone No:- 0180-2569700 Ex.216